A la recerca dels avantpassats : manual de genealogia / per Armand de Fluvià i Escorsa ; pròleg d'Antoni Pladevall i Font manual de genealogia / per Armand de Fluvià i Escorsa ; pròleg d'Antoni Pladevall i Font
Descripción Física:
237, [8] p. ; 18 cm
Otros Autores:
Pladevall i Font, Antoni, 1934-
Materias:
Genealogia
MARC
| LEADER | 00000nam a2200000Ia 4500 | ||
|---|---|---|---|
| 001 | 11857 | ||
| 008 | 160829s1995 xx 000 0 cat d | ||
| 080 | |a H-1-226 | ||
| 100 | |a Fluvià, Armand de |9 25851 | ||
| 245 | 2 | |a A la recerca dels avantpassats : |b manual de genealogia / per Armand de Fluvià i Escorsa ; pròleg d'Antoni Pladevall i Font | |
| 260 | |a Barcelona : |b Curial, |c 1995 | ||
| 300 | |a 237, [8] p. ; |c 18 cm | ||
| 650 | |a Genealogia |9 25852 | ||
| 700 | 1 | |a Pladevall i Font, Antoni, |d 1934- |e autor del pròleg |9 52806 | |
| 901 | |a Arxiu | ||
| 942 | |n 1 |2 udc | ||
| 952 | |0 0 |1 0 |4 0 |6 H1226 |7 1 |9 43815 |a Arxiu |b Arxiu |d 2016-12-01 |l 0 |o H-1-226 |p 11857 |r 2016-12-01 00:00:00 |w 2016-12-01 |y ARXIU | ||
| 999 | |c 46364 |d 46364 | ||